000 01415nam a2200349 a 4500
001 ebr10484730
003 CaPaEBR
006 m u
007 cr cn|||||||||
008 101206s2011 njua se 001 0 eng d
010 _z 2010046368
020 _z9780470929759 (cloth)
020 _z9781118028667 (oBook)
020 _z9781118028643 (ePDF)
020 _z9781118028650 (ePub)
020 _z9781118028643 (e-book)
040 _aCaPaEBR
_cCaPaEBR
035 _a(OCoLC)729724628
050 1 4 _aTA169.7
_b.E75 2011eb
082 0 4 _a620.8/603
_222
100 1 _aEricson, Clifton A.
245 1 0 _aConcise encyclopedia of system safety
_h[electronic resource] :
_bdefinition of terms and concepts /
_cClifton A. Ericson II.
260 _aHoboken, N.J. :
_bWiley,
_cc2011.
300 _axvii, 517 p. :
_bill.
500 _aIncludes index.
505 0 _aIntroduction to system safety -- System safety terms and concepts -- System safety specialty areas -- System safety acronyms.
533 _aElectronic reproduction.
_bPalo Alto, Calif. :
_cebrary,
_d2011.
_nAvailable via World Wide Web.
_nAccess may be limited to ebrary affiliated libraries.
650 0 _aSystem safety
_vEncyclopedias.
655 7 _aElectronic books.
_2local
710 2 _aebrary, Inc.
856 4 0 _uhttp://site.ebrary.com/lib/rucke/Doc?id=10484730
_zAn electronic book accessible through the World Wide Web; click to view
999 _c223831
_d223831